[Event "Paracin 2023"]
[Site "Paracin, Serbia"]
[Date "2023.07.11"]
[Round "5.1"]
[White "Bryakin, Mikhail"]
[Black "Uskov, Artem"]
[Result "1/2-1/2"]
[WhiteElo "2454"]
[BlackElo "2371"]
[PlyCount "24"]
[EventDate "2023.??.??"]

1. d4 Nf6 2. Nf3 e6 3. Bf4 c5 4. e3 Nc6 5. c3 d5 6. Nbd2 Nh5 7. Bg5 f6 8. Bh4
g6 9. Bd3 Be7 10. Bf1 Bf8 11. Bd3 Be7 12. Bf1 Bf8 1/2-1/2

[Event "Paracin 2023"]
[Site "Paracin, Serbia"]
[Date "2023.07.11"]
[Round "5.2"]
[White "Gundavaa, Bayarsaikhan"]
[Black "Urazayev, Arystanbek"]
[Result "1/2-1/2"]
[WhiteElo "2510"]
[BlackElo "2427"]
[PlyCount "40"]
[EventDate "2023.??.??"]

1. d4 Nf6 2. c4 e6 3. Nc3 d5 4. cxd5 exd5 5. Bg5 c6 6. e3 h6 7. Bh4 Be7 8. Bd3
O-O 9. Nge2 Ne8 10. Bg3 Nd6 11. Qc2 Re8 12. O-O Bf8 13. Rae1 a5 14. Nf4 Na6 15.
a3 Nc7 16. f3 Qf6 17. Nh5 Qd8 18. Nf4 Qf6 19. Nh5 Qd8 20. Nf4 Qf6 1/2-1/2

[Event "Paracin 2023"]
[Site "Paracin, Serbia"]
[Date "2023.07.11"]
[Round "5.3"]
[White "Atalik, Suat"]
[Black "Raahul, V S."]
[Result "1/2-1/2"]
[WhiteElo "2438"]
[BlackElo "2319"]
[PlyCount "112"]
[EventDate "2023.??.??"]

1. d4 d5 2. c4 e6 3. Nf3 Nf6 4. Nc3 Bb4 5. cxd5 exd5 6. Bf4 O-O 7. e3 Ne4 8. a3
Nxc3 9. Qc2 Ne2+ 10. Kxe2 Bd6 11. Bg3 Nc6 12. Kd2 h6 13. Bb5 Ne7 14. Bxd6 Qxd6
15. Qc5 Qd8 16. Rhc1 c6 17. Bd3 Bf5 18. Qc2 Qd7 19. Ne5 Qe6 20. h3 Be4 21. Bxe4
dxe4 22. Qxe4 f6 23. Qg4 f5 24. Qe2 f4 25. e4 Rad8 26. Qc4 Qxc4 27. Rxc4 b5 28.
Nxc6 Nxc6 29. Rxc6 Rxd4+ 30. Ke2 Rxe4+ 31. Kf3 Rd4 32. Rac1 Rd3+ 33. Ke4 Rb3
34. R1c2 f3 35. g4 Re8+ 36. Kf5 Kh7 37. R6c3 Rxc3 38. Rxc3 Re2 39. b4 Rxf2 40.
Kf4 Rf1 41. Kg3 f2 42. Kg2 Re1 43. Kxf2 Re6 44. Kf3 Kg6 45. h4 Kf6 46. Rc5 Ra6
47. Rxb5 Rxa3+ 48. Kf4 Rb3 49. g5+ hxg5+ 50. hxg5+ Kg6 51. Kg4 Rb1 52. Rb7 Rc1
53. Rxa7 Rc4+ 54. Kg3 Rxb4 55. Rc7 Rb1 56. Kg4 Rb4+ 1/2-1/2

[Event "Paracin 2023"]
[Site "Paracin, Serbia"]
[Date "2023.07.11"]
[Round "5.4"]
[White "Djordjevic, Vuk"]
[Black "Pranesh, M."]
[Result "0-1"]
[WhiteElo "2385"]
[BlackElo "2507"]
[PlyCount "116"]
[EventDate "2023.??.??"]

1. d4 Nf6 2. Bg5 d5 3. Bxf6 gxf6 4. e3 e5 5. Nf3 Nc6 6. a3 Be6 7. b4 Bg7 8.
Nbd2 O-O 9. Be2 e4 10. Ng1 a5 11. b5 Na7 12. Qc1 a4 13. Rb1 c5 14. bxc6 bxc6
15. Bd1 c5 16. Ne2 c4 17. O-O Nc6 18. f3 Bh6 19. f4 Bd7 20. Nc3 Ne7 21. Na2 Nc6
22. c3 Na5 23. Nb4 Bb5 24. Bg4 Nb3 25. Qd1 Bd7 26. Rf2 f5 27. Bh3 Be6 28. Nf1
Qf6 29. Ng3 Rfe8 30. Nc6 Bf8 31. Ra2 Rec8 32. Ne5 Rab8 33. Qh5 Qh6 34. Qxh6
Bxh6 35. Bxf5 Rb5 36. Rf1 Bxf5 37. Nxf5 Bf8 38. Nd7 Na5 39. Rc1 Rc6 40. g4 Rb7
41. Nxf8 Kxf8 42. Ng3 Rcb6 43. Rcc2 Rb1+ 44. Kf2 Rd1 45. Ne2 Rbb1 46. f5 Ke7
47. Kg3 Kd6 48. Kf4 h6 49. Ng3 Nb3 50. Rab2 Nc1 51. Nxe4+ dxe4 52. Kxe4 Nd3 53.
Rxb1 Rxb1 54. d5 Rd1 55. Rg2 f6 56. h4 Nc5+ 57. Kf4 Rf1+ 58. Kg3 Ne4+ 0-1

[Event "Paracin 2023"]
[Site "Paracin, Serbia"]
[Date "2023.07.11"]
[Round "5.5"]
[White "Shoshin, Kirill"]
[Black "Ivanisevic, Ivan"]
[Result "0-1"]
[WhiteElo "2314"]
[BlackElo "2536"]
[PlyCount "108"]
[EventDate "2023.??.??"]

1. d4 Nf6 2. c4 d6 3. Nc3 e5 4. Nf3 Nc6 5. d5 Ne7 6. e4 Ng6 7. g3 Be7 8. h3 c6
9. Bd3 Bd7 10. Kf1 Qb8 11. a4 Bd8 12. Be3 Ba5 13. Qc2 O-O 14. Kg2 h6 15. Rhb1
Qc8 16. Ng1 cxd5 17. cxd5 Bb4 18. Rc1 Qd8 19. Qb3 Qa5 20. Nf3 Rac8 21. Nd2 Bc5
22. Nc4 Qc7 23. Nb5 Bxb5 24. Qxb5 Qe7 25. Qb3 Nh5 26. Be2 Nhf4+ 27. gxf4 exf4
28. Bxc5 Qxe4+ 29. Kh2 Nh4 30. Rg1 Qxe2 31. Bd4 g5 32. Nxd6 Nf3+ 33. Kg2 Nxd4
34. Qd1 Qe5 35. Nxc8 Rxc8 36. Ra3 Qxd5+ 37. Kh2 Rc2 38. Rf1 Qe5 39. Rd3 f3+ 40.
Kh1 Qf5 41. Kh2 Qf4+ 42. Kh1 Qh4 43. Rxf3 Qe4 44. Kg2 Qxf3+ 45. Qxf3 Nxf3 46.
Kxf3 Rxb2 47. Rc1 Rb3+ 48. Kg2 a5 49. Rc5 b6 50. Rc6 Kg7 51. f3 f6 52. Kg3 Kg6
53. Kg4 h5+ 54. Kg3 Kf5 0-1

[Event "Paracin 2023"]
[Site "Paracin, Serbia"]
[Date "2023.07.11"]
[Round "5.6"]
[White "Petrovic, Aleksa"]
[Black "Arnaudov, G. Petar"]
[Result "1/2-1/2"]
[WhiteElo "2311"]
[BlackElo "2450"]
[PlyCount "75"]
[EventDate "2023.??.??"]

1. d4 Nf6 2. g3 c5 3. d5 d6 4. Nc3 g6 5. Bg2 Bg7 6. a4 O-O 7. Nf3 e6 8. O-O
exd5 9. Nxd5 Nxd5 10. Qxd5 Nc6 11. Bf4 Be6 12. Qxd6 Qb6 13. Ng5 Bc4 14. Be3
Rfe8 15. Ne4 Bxe2 16. Rfe1 Ba6 17. Qxc5 Qxb2 18. Rab1 Qe5 19. Qxe5 Nxe5 20. Nc5
Rac8 21. Nxa6 bxa6 22. Rb7 Rxc2 23. Rxa7 h5 24. Rxa6 Ng4 25. Ra8 Rxa8 26. Bxa8
Nxe3 27. Rxe3 Bd4 28. Rf3 Kg7 29. h4 f5 30. Bd5 Bb6 31. Kf1 Rc1+ 32. Kg2 Rc2
33. Bb3 Rb2 34. Bc4 Rc2 35. Bd3 Ra2 36. Bb5 Rb2 37. Bc4 Rc2 38. Bd3 1/2-1/2

[Event "Paracin 2023"]
[Site "Paracin, Serbia"]
[Date "2023.07.11"]
[Round "5.7"]
[White "Low, Zhen Yu Cyrus"]
[Black "Saravanan, V.."]
[Result "1-0"]
[WhiteElo "2444"]
[BlackElo "2298"]
[PlyCount "43"]
[EventDate "2023.??.??"]

1. e4 e5 2. Nf3 Nc6 3. Bc4 Bc5 4. c3 Nf6 5. d3 O-O 6. O-O d6 7. h3 a5 8. Re1 h6
9. d4 Bb6 10. Be3 exd4 11. cxd4 d5 12. exd5 Ne7 13. Nc3 Nexd5 14. Qd2 c6 15.
Rad1 Be6 16. Bxh6 gxh6 17. Qxh6 Bf5 18. Re5 Bg6 19. Nh4 Nh7 20. Nxg6 fxg6 21.
Nxd5 cxd5 22. Rxd5 1-0

[Event "Paracin 2023"]
[Site "Paracin, Serbia"]
[Date "2023.07.11"]
[Round "5.8"]
[White "Damljanovic, Branko"]
[Black "Miletic, Vuk"]
[Result "1/2-1/2"]
[WhiteElo "2422"]
[BlackElo "2234"]
[PlyCount "81"]
[EventDate "2023.??.??"]

1. d4 d5 2. Nf3 e6 3. g3 Nf6 4. Bg2 b5 5. O-O Be7 6. b3 O-O 7. c4 bxc4 8. bxc4
c6 9. Nbd2 Nbd7 10. Bb2 Rb8 11. Bc3 Bb4 12. Qc2 Qa5 13. Bxb4 Rxb4 14. Rfb1
Rxb1+ 15. Rxb1 Ba6 16. Bf1 h6 17. e3 Rc8 18. c5 Bxf1 19. Kxf1 Rb8 20. Rxb8+
Nxb8 21. Ne5 Nbd7 22. Nb3 Qa4 23. Nxd7 Nxd7 24. Kg2 Nf6 25. f3 g6 26. Qd2 Qc4
27. Kf2 Nd7 28. Qb2 e5 29. Na5 Qa4 30. Nb7 Qa6 31. Nd6 exd4 32. exd4 Qd3 33.
Kg2 h5 34. h4 Nf8 35. Nc8 Qa6 36. Ne7+ Kg7 37. Kg1 Kf6 38. Ng8+ Kg7 39. Ne7 Kf6
40. Ng8+ Kg7 41. Ne7 1/2-1/2

[Event "Paracin 2023"]
[Site "Paracin, Serbia"]
[Date "2023.07.11"]
[Round "5.9"]
[White "Spasic, Petar"]
[Black "Tsvetkov, Andrey"]
[Result "1-0"]
[WhiteElo "2303"]
[BlackElo "2412"]
[PlyCount "125"]
[EventDate "2023.??.??"]

1. e4 c5 2. Nf3 d6 3. Bb5+ Nd7 4. O-O Ngf6 5. Re1 a6 6. Bd3 g6 7. c3 Bh6 8. Bc2
Ne5 9. d4 Bxc1 10. Qxc1 Nxf3+ 11. gxf3 Qb6 12. d5 O-O 13. Nd2 Nh5 14. Nc4 Qd8
15. Qg5 e5 16. Qxd8 Rxd8 17. a4 Nf4 18. Ra3 Kf8 19. a5 Ke7 20. Rb3 Rb8 21. Rb6
g5 22. Kh1 g4 23. Bd1 Nd3 24. Rf1 gxf3 25. Bxf3 Rg8 26. h4 Bg4 27. Bg2 Nf4 28.
f3 Bd7 29. Ne3 Rg6 30. Rf2 Kd8 31. Bf1 Kc7 32. b4 Rbg8 33. bxc5 dxc5 34. Rfb2
Bc8 35. Ng4 Rxb6 36. axb6+ Kd6 37. Ne3 f6 38. Kh2 Bd7 39. Nc4+ Ke7 40. d6+ Kd8
41. Na5 Kc8 42. Nb3 Ne6 43. Bc4 Rd8 44. Rd2 Nf4 45. Nxc5 Bc6 46. Be6+ Nxe6 47.
Nxe6 Re8 48. Nc5 Rd8 49. c4 a5 50. Ne6 Re8 51. Ng7 Rd8 52. Nf5 a4 53. Rg2 Bd7
54. Ne7+ Kb8 55. c5 h5 56. Ra2 Bb5 57. Kg3 Bd7 58. Kf2 Bb5 59. Ke3 Bd7 60. Kd3
Bb5+ 61. Kc3 Bd7 62. Kb4 Rf8 63. Rg2 1-0

[Event "Paracin 2023"]
[Site "Paracin, Serbia"]
[Date "2023.07.11"]
[Round "5.10"]
[White "Pavlov, Mark"]
[Black "Wen, Tommy"]
[Result "0-1"]
[WhiteElo "2286"]
[BlackElo "2406"]
[PlyCount "78"]
[EventDate "2023.??.??"]

1. d4 Nf6 2. Nf3 g6 3. g3 Bg7 4. Bg2 c5 5. O-O cxd4 6. Nxd4 h5 7. h4 Nc6 8. c4
Ng4 9. Nxc6 dxc6 10. Qc2 O-O 11. Nc3 Qb6 12. b3 Bd4 13. e3 Bf5 14. e4 Be6 15.
Na4 Qc7 16. Bf4 Qa5 17. Rad1 Rfd8 18. c5 Rd7 19. Bd2 Qd8 20. Nb2 Bxc5 21. Qxc5
Rxd2 22. f3 Nf6 23. Kh2 Rxd1 24. Rxd1 Qc7 25. Nd3 b6 26. Qg5 Rd8 27. Bf1 Bc8
28. Rc1 Ba6 29. Ne5 Bxf1 30. Rxf1 Qd6 31. Rf2 Qc5 32. Kg2 Rd1 33. Qf4 Qc3 34.
g4 Qe1 35. Kg3 hxg4 36. fxg4 Nxe4+ 37. Kh3 Nxf2+ 38. Kg2 Qh1+ 39. Kg3 Ne4+ 0-1

[Event "Paracin 2023"]
[Site "Paracin, Serbia"]
[Date "2023.07.11"]
[Round "5.11"]
[White "Stoyanov, Viktor"]
[Black "Mamatov, Melis"]
[Result "0-1"]
[WhiteElo "2258"]
[BlackElo "2403"]
[PlyCount "130"]
[EventDate "2023.??.??"]

1. d4 d5 2. c4 c6 3. Nf3 Nf6 4. Qc2 g6 5. Bf4 Bg7 6. e3 O-O 7. Nc3 c5 8. dxc5
Na6 9. Rd1 Bf5 10. Qc1 Qa5 11. Nd4 Ne4 12. cxd5 Nb4 13. Bc4 Nxc3 14. Qxc3 Qxc5
15. O-O Nxd5 16. Bxd5 Qxd5 17. Nxf5 Qxf5 18. Qb3 b6 19. Qb4 Qe6 20. b3 Rfc8 21.
Rc1 a5 22. Qb5 Bb2 23. Rc7 Ba3 24. h3 Bc5 25. Rxc8+ Rxc8 26. Rd1 Kg7 27. Bg3 h6
28. Qd3 f6 29. Rc1 h5 30. h4 Bb4 31. Rxc8 Qxc8 32. Kh2 Qc6 33. a4 Kf7 34. Qd8
Bd6 35. Qh8 Bxg3+ 36. Kxg3 Qd6+ 37. Kh3 Qe6+ 38. Kh2 Qf5 39. Kg1 Qb1+ 40. Kh2
Qe4 41. g3 Qc2 42. Kg1 Qd1+ 43. Kh2 Qf1 44. Qh7+ Ke6 45. Qg8+ Kd7 46. Qd5+ Kc7
47. Qf3 Qd3 48. Qf4+ Kd7 49. e4 Qxb3 50. e5 fxe5 51. Qxe5 Qxa4 52. Qd5+ Kc7 53.
Qe5+ Kd7 54. Qd5+ Kc7 55. Qe5+ Kb7 56. Qxe7+ Ka6 57. Qe2+ Qb5 58. Qe4 Qf5 59.
Qa8+ Kb5 60. Qe8+ Kb4 61. Qe1+ Kc5 62. Qc3+ Kd6 63. f3 Qe6 64. Qd4+ Kc6 65. g4
Qd6+ 0-1

[Event "Paracin 2023"]
[Site "Paracin, Serbia"]
[Date "2023.07.11"]
[Round "5.12"]
[White "Aaditya, Dhingra"]
[Black "Yatzenko, Anton"]
[Result "1-0"]
[WhiteElo "2144"]
[BlackElo "2335"]
[PlyCount "149"]
[EventDate "2023.??.??"]

1. e4 c6 2. Nc3 d5 3. Nf3 Bg4 4. h3 Bxf3 5. Qxf3 e6 6. d3 Nd7 7. Be2 g6 8. O-O
Bg7 9. Qg3 Ne7 10. f4 O-O 11. Kh1 b5 12. Bf3 b4 13. Ne2 Qb6 14. Qf2 Qxf2 15.
Rxf2 a5 16. Rb1 a4 17. Be3 Rfb8 18. g4 Ra5 19. e5 g5 20. f5 Nxe5 21. Bxg5 f6
22. Bf4 b3 23. axb3 axb3 24. Nd4 Nxf3 25. Bxb8 Nxd4 26. c3 Nb5 27. fxe6 Ra2 28.
Bg3 Ng6 29. Re1 Ra8 30. d4 Kf8 31. h4 Ke7 32. h5 Nh8 33. Bf4 h6 34. Kg2 Ra7 35.
Kf3 Bf8 36. Re3 Nd6 37. Bxd6+ Kxd6 38. Ke2 Be7 39. Kd3 Ra1 40. c4 Rd1+ 41. Kc3
Rc1+ 42. Kxb3 Rxc4 43. Rf4 Bd8 44. Ka2 Ke7 45. b3 Rc2+ 46. Kb1 Rg2 47. Rc3 Kd6
48. Re3 Rg1+ 49. Kc2 Rg2+ 50. Kb1 Rg1+ 51. Kc2 Ra1 52. Kb2 Ra8 53. Rf1 Be7 54.
Re2 Bd8 55. Ra1 Rxa1 56. Kxa1 Ke7 57. Kb2 Bb6 58. Kc3 Ba5+ 59. b4 Bb6 60. Kd3
Bc7 61. Re1 Bg3 62. Re2 Bc7 63. b5 cxb5 64. Rc2 Bd8 65. Rc6 Ba5 66. Rc8 Bd8 67.
Kc3 Kxe6 68. Rxd8 Nf7 69. Rb8 Nd6 70. Rh8 Ne4+ 71. Kb4 Nf2 72. Rxh6 Kf7 73. Rg6
Nd3+ 74. Kxb5 Nf4 75. Kc6 1-0

[Event "Paracin 2023"]
[Site "Paracin, Serbia"]
[Date "2023.07.11"]
[Round "5.13"]
[White "Itgelt, Khuyagtsogt"]
[Black "Patil, Harshal"]
[Result "1-0"]
[WhiteElo "2321"]
[BlackElo "1969"]
[PlyCount "69"]
[EventDate "2023.??.??"]

1. d4 d5 2. c4 c6 3. Nf3 e6 4. Nbd2 f5 5. e3 Bd6 6. b3 Nf6 7. Bd3 O-O 8. O-O
Ne4 9. Bb2 Nd7 10. Ne5 Nxe5 11. dxe5 Bb4 12. Nf3 Bd7 13. Nd4 c5 14. Nc2 dxc4
15. Bxe4 fxe4 16. Nxb4 cxb4 17. bxc4 Rc8 18. Qd4 b5 19. Rad1 bxc4 20. Qxd7 Qxd7
21. Rxd7 c3 22. Ba1 a5 23. Rd4 Rfd8 24. Rfd1 Rxd4 25. exd4 a4 26. Kf1 Kf7 27.
Rc1 Rc4 28. a3 Rxd4 29. axb4 Rxb4 30. Bxc3 Rc4 31. Ke2 h5 32. Bd2 Rd4 33. Rc7+
Kg6 34. Re7 Kf5 35. Rxg7 1-0

[Event "Paracin 2023"]
[Site "Paracin, Serbia"]
[Date "2023.07.11"]
[Round "5.14"]
[White "Wu, Yang"]
[Black "Ajay, Karthikeyan"]
[Result "1/2-1/2"]
[WhiteElo "2208"]
[BlackElo "2441"]
[PlyCount "73"]
[EventDate "2023.??.??"]

1. e4 c5 2. Nf3 d6 3. d4 cxd4 4. Nxd4 Nf6 5. Nc3 a6 6. h3 g6 7. g4 Bg7 8. Be3
Nc6 9. g5 Nd7 10. Qd2 O-O 11. O-O-O Qa5 12. Nb3 Bxc3 13. Nxa5 Bxd2+ 14. Bxd2
Nxa5 15. Bxa5 b5 16. Bd3 Bb7 17. Rhe1 f6 18. Bd2 Rac8 19. gxf6 Rxf6 20. f4 e5
21. fxe5 Nxe5 22. Bb4 Kf7 23. Kb1 Ke7 24. h4 Rcf8 25. Bf1 Bc8 26. Bg2 Bg4 27.
Rd5 Kd7 28. Bxd6 Rxd6 29. Rxe5 h6 30. Rc5 Rd2 31. Bf1 Be6 32. a4 Kd6 33. Rc3
bxa4 34. Kc1 Ke5 35. Kb1 Kd6 36. Kc1 Rd4 37. e5+ 1/2-1/2

[Event "Paracin 2023"]
[Site "Paracin, Serbia"]
[Date "2023.07.11"]
[Round "5.15"]
[White "Kairbekova, Amina"]
[Black "Mitsis, Georgios"]
[Result "0-1"]
[WhiteElo "2173"]
[BlackElo "2412"]
[PlyCount "116"]
[EventDate "2023.??.??"]

1. e4 c5 2. Nf3 Nc6 3. Bb5 g6 4. O-O Bg7 5. c3 Nf6 6. Re1 O-O 7. d4 d5 8. e5
Ne4 9. Bxc6 bxc6 10. Be3 cxd4 11. cxd4 Qb6 12. Qc1 a5 13. Nc3 Nxc3 14. Qxc3 Bf5
15. h4 Rfb8 16. h5 Qxb2 17. Qxc6 Qb7 18. Qxb7 Rxb7 19. h6 Bf8 20. a4 Bd7 21.
Bd2 Rc7 22. Rec1 Rxc1+ 23. Bxc1 f6 24. Bd2 g5 25. Ne1 Rc8 26. Nd3 Bf5 27. Rc1
Rxc1+ 28. Nxc1 Bc2 29. exf6 exf6 30. Bxa5 Bxa4 31. Ne2 Bxh6 32. Nc3 Bc6 33. g4
Bf8 34. Kg2 Kf7 35. Nd1 Bd7 36. Ne3 Kg6 37. Bc7 Bb4 38. Kg3 Be6 39. f4 gxf4+
40. Bxf4 Be1+ 41. Kf3 Bc3 42. Nc2 f5 43. g5 Bd7 44. Kg3 Ba4 45. Ne3 Bb3 46. Ng2
Bc2 47. Be3 Be4 48. Nf4+ Kg7 49. Nh5+ Kf7 50. Nf6 Kg6 51. Nxe4 dxe4 52. Kf4 Ba5
53. Ke5 Bc7+ 54. Kd5 Bd8 55. Ke6 Bxg5 56. Bg1 e3 57. d5 e2 58. Bf2 Bd2 0-1

[Event "Paracin 2023"]
[Site "Paracin, Serbia"]
[Date "2023.07.11"]
[Round "5.16"]
[White "Dvalishvili, Pavel S."]
[Black "Granovskiy, Alexandr"]
[Result "1/2-1/2"]
[WhiteElo "2394"]
[BlackElo "2143"]
[PlyCount "71"]
[EventDate "2023.??.??"]

1. e4 e5 2. Nf3 Nc6 3. Bb5 a6 4. Ba4 Nf6 5. Bxc6 dxc6 6. Nc3 Bd6 7. d3 Qe7 8.
h3 Be6 9. Be3 Nd7 10. Ng5 Nf8 11. Nxe6 Nxe6 12. Ne2 Bc5 13. Bxc5 Qxc5 14. Qd2
O-O-O 15. Rf1 Nd4 16. O-O-O f6 17. f4 Rhe8 18. fxe5 Rxe5 19. Nxd4 Qxd4 20. Qf2
Qxf2 21. Rxf2 c5 22. b3 b5 23. c4 c6 24. Kc2 Kc7 25. Rdf1 bxc4 26. bxc4 Rb8 27.
Rf5 Kd6 28. g4 Rb4 29. h4 Ra4 30. Kb3 Rb4+ 31. Kc3 Ra4 32. Rxe5 Kxe5 33. Rf5+
Kd6 34. Kb2 Rb4+ 35. Kc1 Ra4 36. Kb2 1/2-1/2

[Event "Paracin 2023"]
[Site "Paracin, Serbia"]
[Date "2023.07.11"]
[Round "5.17"]
[White "Damjanovic, Vuk"]
[Black "Tregubenko, Nikolay"]
[Result "1-0"]
[WhiteElo "2376"]
[BlackElo "2130"]
[PlyCount "135"]
[EventDate "2023.??.??"]

1. d4 g6 2. e4 Bg7 3. Nf3 d6 4. Bc4 Nf6 5. Qe2 O-O 6. O-O c6 7. e5 Nd5 8. h3
Bf5 9. Nc3 Nxc3 10. bxc3 d5 11. Bd3 Bxd3 12. cxd3 Qd7 13. Re1 Na6 14. e6 Qxe6
15. Qxe6 fxe6 16. Rb1 Bf6 17. Bh6 Rfc8 18. Rxb7 Nc7 19. c4 dxc4 20. dxc4 c5 21.
Bf4 Ne8 22. dxc5 Rxc5 23. Rxe6 Rxc4 24. Bg5 Rc7 25. Rb4 Kf7 26. Ra6 Bxg5 27.
Nxg5+ Kg8 28. Ne4 Rd8 29. g3 Nd6 30. Ng5 Rcd7 31. Rh4 Rf8 32. Rha4 Nb5 33. Ne4
Rd1+ 34. Kg2 Rd5 35. R4a5 Re5 36. f3 Rd5 37. a4 Rc8 38. g4 Nc3 39. Rxd5 Nxd5
40. Rxa7 h6 41. Kg3 Rc2 42. Rd7 Nb6 43. Rxe7 Nxa4 44. Nf6+ Kf8 45. Rh7 Nc3 46.
Nd7+ Ke8 47. Ne5 Ne2+ 48. Kf2 Nf4+ 49. Ke3 g5 50. Rxh6 Rh2 51. Ke4 Rxh3 52. Ra6
Ne2 53. Rg6 Ng3+ 54. Kd5 Ke7 55. Rg7+ Kf8 56. Rxg5 Ne2 57. Ke4 Ng3+ 58. Kf4
Ne2+ 59. Ke3 Nc3 60. Kd3 Na4 61. Kd4 Nb6 62. Kc5 Nc8 63. Kd5 Ne7+ 64. Ke4 Ke8
65. Ng6 Ng8 66. Rf5 Kd7 67. Rf8 Nh6 68. g5 1-0

[Event "Paracin 2023"]
[Site "Paracin, Serbia"]
[Date "2023.07.11"]
[Round "5.18"]
[White "Efremov, Vladislav"]
[Black "Sunyuktha, C M N."]
[Result "1-0"]
[WhiteElo "2356"]
[BlackElo "1945"]
[PlyCount "95"]
[EventDate "2023.??.??"]

1. d4 d5 2. c4 e6 3. Nf3 Nf6 4. g3 Bb4+ 5. Bd2 Be7 6. Bg2 O-O 7. O-O Nbd7 8.
Qc2 c6 9. Bf4 Nh5 10. Bc1 Nhf6 11. Nbd2 b6 12. e4 Bb7 13. e5 Ne8 14. cxd5 cxd5
15. Re1 Rc8 16. Qa4 a5 17. Nf1 Ba6 18. Bd2 Nc7 19. Rac1 Bb5 20. Qd1 Na6 21. a3
Ndb8 22. Rxc8 Qxc8 23. Qb1 Qd7 24. h4 Nc6 25. h5 f5 26. exf6 Bxf6 27. Be3 Nc7
28. N1h2 Qf7 29. Qc2 Ne8 30. h6 Nd6 31. Ng4 Nf5 32. Nxf6+ Qxf6 33. hxg7 Qxg7
34. Qd2 Re8 35. Bh3 Nce7 36. Bf4 Bd7 37. Be5 Qg6 38. Bc7 Rc8 39. Bxb6 Nc6 40.
b4 axb4 41. axb4 Nd6 42. Bc5 Ne4 43. Qe3 Rb8 44. Nd2 Ng5 45. Bg2 Nxb4 46. Rb1
Nc6 47. Rxb8+ Nxb8 48. Qf4 1-0

[Event "Paracin 2023"]
[Site "Paracin, Serbia"]
[Date "2023.07.11"]
[Round "5.19"]
[White "Poleksic, Dusan"]
[Black "Shahil, Dey"]
[Result "0-1"]
[WhiteElo "2151"]
[BlackElo "2333"]
[PlyCount "124"]
[EventDate "2023.??.??"]

1. d4 Nf6 2. c4 e6 3. Nc3 Bb4 4. f3 c5 5. a3 Bxc3+ 6. bxc3 Nc6 7. e4 d6 8. Kf2
b6 9. Be3 Na5 10. Bd3 Ba6 11. Qe2 Qc7 12. Rc1 O-O-O 13. Nh3 h6 14. Rhf1 Qc6 15.
Rfd1 e5 16. d5 Qa4 17. Qc2 Qxc2+ 18. Rxc2 Bxc4 19. Bxc4 Nxc4 20. Bc1 b5 21. Ng1
Kd7 22. Ne2 Rb8 23. Ng3 g6 24. Nf1 Rb6 25. Ne3 Ke7 26. Nxc4 bxc4 27. Ke2 Rb3
28. Bb2 Rhb8 29. Rdd2 Nd7 30. Ba1 Rxa3 31. Ra2 Rbb3 32. Rdc2 Nb6 33. Rxa3 Rxa3
34. Bb2 Rb3 35. Bc1 g5 36. Ra2 Nc8 37. Bd2 Rb1 38. h3 Kd7 39. Kf2 Ke7 40. Kg3
Kf6 41. h4 Kg6 42. hxg5 hxg5 43. Kf2 f5 44. Kg3 f4+ 45. Kf2 Kf6 46. Be1 Ke7 47.
Ke2 Kd7 48. g3 Kc7 49. gxf4 gxf4 50. Kf1 Kb7 51. Ke2 a6 52. Kd2 Na7 53. Ke2 Nb5
54. Ra4 Kb6 55. Bd2 Rb3 56. Rxc4 Ka5 57. Bc1 Rb1 58. Kd2 Rxc1 59. Kxc1 Na3 60.
Rxc5+ dxc5 61. Kd2 Nc4+ 62. Kd3 Kb5 0-1

[Event "Paracin 2023"]
[Site "Paracin, Serbia"]
[Date "2023.07.11"]
[Round "5.20"]
[White "Jin, Yueheng"]
[Black "Becker, Marcel"]
[Result "1/2-1/2"]
[WhiteElo "2113"]
[BlackElo "2323"]
[PlyCount "118"]
[EventDate "2023.??.??"]

1. d4 d5 2. c4 c6 3. Nf3 Nf6 4. g3 Bf5 5. Nc3 e6 6. Qb3 Qb6 7. c5 Qxb3 8. axb3
Be7 9. Bf4 O-O 10. b4 h6 11. h3 g5 12. Be5 Ne4 13. g4 Bh7 14. Bg2 Nd7 15. Bh2
Nxc3 16. bxc3 Be4 17. O-O f5 18. Ne5 Nxe5 19. Bxe5 Bxg2 20. Kxg2 a6 21. e3 Kh7
22. f3 Kg6 23. Rf2 h5 24. Re1 fxg4 25. fxg4 Rxf2+ 26. Kxf2 a5 27. bxa5 hxg4 28.
hxg4 Rxa5 29. Rb1 Rb5 30. Rxb5 cxb5 31. Ke2 Bd8 32. Kd3 Ba5 33. Bg3 Kf7 34. Kc2
Ke7 35. Be5 Kf7 36. Kb3 Ke7 37. Bg7 Kf7 38. Bh8 Ke7 39. Be5 Kf7 40. Bd6 Ke8 41.
Bh2 Kd7 42. Bg3 Bd8 43. Kc2 b6 44. cxb6 Bxb6 45. Be5 Bd8 46. Kd3 Ke7 47. Bg3
Ba5 48. Be1 Kd7 49. Bd2 Bd8 50. e4 Kc6 51. Bc1 Be7 52. Be3 Kd7 53. Bf2 Kc6 54.
Bg3 Bf6 55. Bb8 Kd7 56. Ba7 Be7 57. Bb6 Kc6 58. Ba5 Kb7 59. Ke3 Kc6 1/2-1/2